Emisión de material particulado (PM) y pérdida de suelo por erosión eólica en el SO bonaerense /
Guardado en:
| Autor Principal: | |
|---|---|
| Autor Corporativo: | |
| Otros Autores: | |
| Formato: | Libro |
| Idioma: | Spanish |
| Publicado: |
Bahía Blanca,
2018.
|
| Materias: | |
| Etiquetas: |
Agregar Etiqueta
Sin Etiquetas, Sea el primero en etiquetar este registro!
|
| LEADER | 00907nam a22002175a 4500 | ||
|---|---|---|---|
| 001 | EEA.libagro011059 | ||
| 005 | 20181217085346.0 | ||
| 008 | 181214s2018####ag############000#0#spa#d | ||
| 082 | 0 | 4 | |a 631.45 |
| 100 | 1 | |a Pasetti, Melisa Soledad. | |
| 245 | 1 | 0 | |a Emisión de material particulado (PM) y pérdida de suelo por erosión eólica en el SO bonaerense / |c Melisa Soledad Pasetti. |
| 260 | |a Bahía Blanca, |c 2018. | ||
| 300 | |a 49 h. : |b il. col., fot. col. ; |c 30 cm. | ||
| 500 | |a Trabajo de intensificación (Ingeniero Agrónomo) -- Universidad Nacional del Sur. Departamento de Agronomía, 2018. | ||
| 650 | 7 | |a Erosión eólica |2 agrovoc | |
| 650 | 7 | |a Erosión del suelo |2 unbist | |
| 650 | 7 | |a Suelo |2 agrovoc | |
| 651 | 7 | |a Sudoeste bonaerense | |
| 700 | 1 | |a Bouza, Mariana Eve, |e tutor. | |
| 710 | 2 | |a Universidad Nacional del Sur. |b Departamento de Agronomía. | |
| 859 | |a AR-BbBCA |b BIB. AGRONOMIA |h 631.45 |i P281 |p 2018/6979 | ||
